• 首页
  • 本馆介绍
  • 公告通知
  • 最新文献
  • 馆藏检索
  • 电子资源
  • 读者导购
  • 参考咨询
  • 我的图书馆
  • 登录
  • 详细信息显示
  • 放入我的书架
  • 预约/预借图书
  • 作者相关作品
  • 分类相关作品
  • 丛书相关作品
  • 出版社相关作品

书目信息

  • 表格格式
  • 工作单格式
  • 卡片格式
题名:
中国走进WTO
    
 
作者: 周汉民 主编
分册:  
出版信息: 上海   文汇出版社  2001
页数: 351页
开本: 21cm
丛书名: 干部知识读本丛书
单 册:
中图分类: F743
科图分类:
主题词: 对外经济关系:中外关系--经济--一体化--研究 , 世界贸易组织--基本知识
电子资源:
ISBN: 7-80531-824-7
000 00672nam0 2200229 45
001 0302171462
005 20031219104103.6
010    @a7-80531-824-7@dCNY20.00
100    @a20030217d2001 km y0chiy0120 ea
101 0  @achi
105    @a z 000yy
200 1  @a中国走进WTO@AZhong Guo Zou Jin WTO@f周汉民主编@FZhou Han Min Zhu Bian
210    @a上海@c文汇出版社@d2001
215    @a351页@d21cm
225    @a干部知识读本丛书
410    @12001 @a干部知识读本丛书
606 0  @a对外经济关系:中外关系@x经济@x一体化@x研究
606 0  @a世界贸易组织@x基本知识
690    @aF743@v4
701  0 @a周汉民@4主编
801    @aCN@bTSTC@c20030217
905    @b319634-636@dF743@e21@f3
    
    中国走进WTO/周汉民主编.-上海:文汇出版社,2001
    351页;21cm.-(干部知识读本丛书)
    
    
    ISBN 7-80531-824-7:CNY20.00
    
●
相关链接 在E读中查询图书 在五车中查询图书 在当当中查询图书 在豆瓣中查询图书


正题名:中国走进WTO     索取号:F743/21         预约/预借

序号 登录号 条形码 馆藏地/架位号 状态 备注
1 0319634   203196344   第一借阅区/ [索取号:F743/21] 在馆    
2 0319635   203196353   第一借阅区/ [索取号:F743/21] 在馆    
3 0319636   203196362   第一样本阅览室/ [索取号:F743/21] 在馆    
唐山师范学院图书馆 欢迎您!
大连网信软件有限公司© 版权所有